000 00748nam a22001337a 4500
040 _cRUA
082 _aAGR PEN 2011 B050 Or.1
100 _aPENG, ENGLEANG
245 _aA study on establishment of phka romeat rice variety in rainy season at royal university of agriculture សិក្សាពីឥទ្ធិពលនៃបច្ចេកទេសដាំដុះស្រូវផ្ការមៀតក្នុងលក្ខខណ្ឌរដូវវស្សា នៅសាកលវិទ្យាល័យភូមិន្ទកសិកម្ម
260 _aPhnom Penh
_bRUA
_c2011
300 _axi, 54p.
_bill.
_c29cm.
856 _uhttps://drive.google.com/file/d/1BPD_nLWp796ymXzzxbTQQttCocINb4Hn/view?usp=sharing
942 _cAGR
999 _c1346
_d1346